000 00594nam a2200169 i 4500
001 58017
003 ES-MaACL
005 20230906163716.0
007 t|
008 031020s1954 sp ||||1| spa d
100 1 _aDuncan, Garfield George.
_946030
245 1 0 _aDiabetes y sacarina
_b: fundamentos terapéuticos y tratamiento /
_cGarfield George Duncan ; traducción por Ricardo Olaran Osorio.
260 _aBarcelona :
_bLabor,
_c1954 (
_fTall. Graf. Ibero-Americanos)
300 _aXXIV, 326 p. ;
_c24 cm.
700 1 _aOlarán Osorio, Ricardo.
_986656
852 _aES-MaACL
_jC-6512
_bR.35918
999 _c58017
_d58017